Chinese Theatre and the Actor in Performance vol 3 (Record no. 396449)
[ view plain ]
| 000 -LEADER | |
|---|---|
| fixed length control field | 00284 a2200121 4500 |
| 000 - LEADER | |
| fixed length control field | nam a22 7a 4500 |
| 100 ## - MAIN ENTRY--PERSONAL NAME | |
| Personal name | Jo Riley |
| 110 ## - MAIN ENTRY--CORPORATE NAME | |
| Corporate name or jurisdiction name as entry element | Jo Riley |
| 245 ## - TITLE STATEMENT | |
| Title | Chinese Theatre and the Actor in Performance vol 3 |
| 260 ## - PUBLICATION, DISTRIBUTION, ETC. | |
| Name of publisher, distributor, etc. | cambridge |
| 264 ## - PRODUCTION, PUBLICATION, DISTRIBUTION, MANUFACTURE, AND COPYRIGHT NOTICE | |
| Name of producer, publisher, distributor, manufacturer | cambridge |
| 942 ## - ADDED ENTRY ELEMENTS (KOHA) | |
| Koha item type | Books |
| Date last seen | Total checkouts | Barcode | Cost, replacement price | Price effective from | Koha item type | Lost status | Source of classification or shelving scheme | Damaged status | Not for loan | Withdrawn status | Home library | Current library | Date acquired | Source of acquisition | Cost, normal purchase price |
|---|---|---|---|---|---|---|---|---|---|---|---|---|---|---|---|
| 28/01/2026 | 444793 | 3388.56 | 28/01/2026 | Books | Dewey Decimal Classification | VIVEKANANDA LIBRARY | VIVEKANANDA LIBRARY | 28/01/2026 | 5 | 2371.99 |
